Biggest European Cities in 2100 - Statistics

General Stats
  • This quiz has been taken 49 times
  • The average score is 29 of 35
Answer Stats
Population City % Correct
10.8 m London
100%
2.8 m Rome
100%
4.1 m Barcelona
98%
4.9 m Madrid
98%
2 m Milan
98%
11.6 m Moscow
98%
12.2 m Paris
98%
3.2 m Berlin
95%
1.2 m Amsterdam
90%
13 m Istanbul
90%
1.8 m Vienna
90%
2.1 m Athens
88%
1.4 m Budapest
88%
3.1 m Manchester
88%
1.4 m Munich
88%
1.9 m Stockholm
88%
3 m Birmingham
85%
2.1 m Brussels
85%
2.7 m Lisbon
85%
1.4 m Naples
85%
1.2 m Oslo
85%
1.9 m Lyon
83%
1.8 m Marseille
83%
1.4 m Dublin
80%
1.6 m Hamburg
80%
5.1 m St Petersburg
80%
1.4 m Copenhagen
78%
1.9 m Glasgow
76%
1.2 m Turin
76%
1.6 m Zurich
76%
1.2 m Helsinki
68%
1.2 m Porto
51%
1.2 m Toulouse
46%
1.2 m Lille
41%
1.2 m Kazan
22%
No matching quizzes found
Score Distribution
Percent of People with Each Score
Percentile by Number Answered
Your Score History
You have not taken this quiz